Business data networks and security / (Record no. 22249)
[ view plain ]
| 000 -LEADER | |
|---|---|
| fixed length control field | 00964cam a22003015a 4500 |
| 001 - CONTROL NUMBER | |
| control field | 017042465 |
| 003 - CONTROL NUMBER IDENTIFIER | |
| control field | OSt |
| 005 - DATE AND TIME OF LATEST TRANSACTION | |
| control field | 20160828114916.0 |
| 008 - FIXED-LENGTH DATA ELEMENTS--GENERAL INFORMATION | |
| fixed length control field | 160222t2015 enka frd 001 0 eng d |
| 020 ## - INTERNATIONAL STANDARD BOOK NUMBER | |
| International Standard Book Number | 9781292075419 (paperback.) |
| 020 ## - INTERNATIONAL STANDARD BOOK NUMBER | |
| International Standard Book Number | 1292075414 (paperback) |
| 040 ## - CATALOGING SOURCE | |
| Original cataloging agency | StDuBDS |
| Language of cataloging | eng |
| Transcribing agency | StDuBDS |
| Modifying agency | Uk |
| -- | EG-ScBUE |
| 082 04 - DEWEY DECIMAL CLASSIFICATION NUMBER | |
| Classification number | 005.71 |
| Edition number | 22 |
| Item number | PAN |
| 100 1# - MAIN ENTRY--PERSONAL NAME | |
| Personal name | Panko, Raymond R. |
| 9 (RLIN) | 37998 |
| 245 10 - TITLE STATEMENT | |
| Title | Business data networks and security / |
| Statement of responsibility, etc | Raymond R. Panko, Julia L. Panko. |
| 250 ## - EDITION STATEMENT | |
| Edition statement | 10th ed., Global ed. |
| 260 ## - PUBLICATION, DISTRIBUTION, ETC. (IMPRINT) | |
| Place of publication, distribution, etc | Harlow : |
| Name of publisher, distributor, etc | Pearson Education Limited, |
| Date of publication, distribution, etc | c.2015. |
| 300 ## - PHYSICAL DESCRIPTION | |
| Extent | 474 p. : |
| Other physical details | ill. ; |
| Dimensions | 23 cm. |
| 500 ## - GENERAL NOTE | |
| General note | Previous edition: 2013. |
| 500 ## - GENERAL NOTE | |
| General note | Glossary : p. 428-454. |
| 500 ## - GENERAL NOTE | |
| General note | Index : p. 455-474. |
| 650 #7 - SUBJECT ADDED ENTRY--TOPICAL TERM | |
| Topical term or geographic name as entry element | Business enterprises |
| General subdivision | Computer networks. |
| Source of heading or term | BUEsh |
| 9 (RLIN) | 27486 |
| 650 #7 - SUBJECT ADDED ENTRY--TOPICAL TERM | |
| Topical term or geographic name as entry element | Data transmission systems. |
| Source of heading or term | BUEsh |
| 9 (RLIN) | 8864 |
| 651 ## - SUBJECT ADDED ENTRY--GEOGRAPHIC NAME | |
| Source of heading or term | BUEsh |
| 653 ## - INDEX TERM--UNCONTROLLED | |
| Resource For college | Informatics and Computer Science |
| Arrived date list | August 2016 |
| 700 1# - ADDED ENTRY--PERSONAL NAME | |
| Personal name | Panko, Julia L. |
| 942 ## - ADDED ENTRY ELEMENTS (KOHA) | |
| Source of classification or shelving scheme | Dewey Decimal Classification |
| Withdrawn status | Item status | Source of classification or shelving scheme | Damaged status | Not for loan | Vendor | Home library | Current library | Shelving location | Date acquired | Source of acquisition | Cost, normal purchase price | Serial Enumeration / chronology | Total Checkouts | Full call number | Barcode | Date last seen | Cost, replacement price | Koha item type |
|---|---|---|---|---|---|---|---|---|---|---|---|---|---|---|---|---|---|---|
| Dewey Decimal Classification | Baccah | Central Library | Central Library | Lower Floor | 28/08/2016 | Purchase | 480.00 | 25137 | 005.71 PAN | 000033405 | 15/07/2025 | 600.00 | Book - Borrowing |